000 00335nam a2200133Ia 4500
008 240624s9999 xx 000 0 und d
041 _aeng
082 _a346.7302 BHA
100 _aBHAT SAIRAM
245 _aLAW OF BUSINESS CONTRACTS IN INDIA
260 _c2009
_aNew Delhi
_bSage Publications
300 _a352 : p.
365 _cRS
_b34
999 _c14088
_d14088